Greek City States in the US #2 - Statistics

General Stats
  • This quiz has been taken 9 times
  • The average score is 3 of 6
Answer Stats
State Capital % Correct
Indiana Indianapolis
89%
Maryland Annapolis
67%
Missouri Jefferson City
56%
Oklahoma Oklahoma City
56%
Nevada Carson City
44%
Utah Salt Lake City
33%
No matching quizzes found
Score Distribution
Percent of People with Each Score
Percentile by Number Answered
Your Score History
You have not taken this quiz